MARC details
| 000 -CABECERA |
| campo de control de longitud fija |
01051nam a2200265 a 4500 |
| 001 - NÚMERO DE CONTROL |
| campo de control |
000021506 |
| 005 - FECHA Y HORA DE LA ÚLTIMA TRANSACCIÓN |
| campo de control |
20200930011342.0 |
| 008 - DATOS DE LONGITUD FIJA--INFORMACIÓN GENERAL |
| campo de control de longitud fija |
100908s2001 mx a 001 0 spa d |
| 020 ## - NÚMERO INTERNACIONAL ESTÁNDAR DEL LIBRO |
| Número Internacional Estándar del Libro |
9684445016 |
| 040 ## - FUENTE DE LA CATALOGACIÓN |
| Centro catalogador/agencia de origen |
DO-SdBNP |
| Lengua de catalogación |
spa |
| Centro/agencia transcriptor |
BNPHU |
| 082 ## - NÚMERO DE LA CLASIFICACIÓN DECIMAL DEWEY |
| Número de clasificación |
537 |
| Número de documento/Ítem |
S487e |
| 049 ## - FONDOS LOCALES (OCLC) |
| Fondos de biblioteca |
BNGR |
| 100 1# - ENTRADA PRINCIPAL--NOMBRE DE PERSONA |
| Nombre de persona |
Serrano Domínguez, Víctor Gerardo |
| 9 (RLIN) |
44821 |
| 245 10 - MENCIÓN DE TÍTULO |
| Título |
Electricidad y magnetismo : |
| Resto del título |
estrategias para la resolución de problemas y aplicaciones / |
| Mención de responsabilidad, etc. |
Víctor Serrano Domínguez, Graciela García Arana, Carlos Gutiérrez Aranzeta ; editado por José Luis Vázquez Chavarría. |
| 260 ## - PUBLICACIÓN, DISTRIBUCIÓN, ETC. |
| Lugar de publicación, distribución, etc. |
México : |
| Nombre del editor, distribuidor, etc. |
Pearson Educación, |
| Fecha de publicación, distribución, etc. |
2001. |
| 300 ## - DESCRIPCIÓN FÍSICA |
| Extensión |
xvii, 545 p. : |
| Otras características físicas |
il. ; |
| Dimensiones |
26 cm. |
| 500 ## - NOTA GENERAL |
| Nota general |
Incluye índice. |
| 504 ## - NOTA DE BIBLIOGRAFÍA, ETC. |
| Nota de bibliografía, etc. |
Incluye bibliografías [p. 541]. |
| 650 #4 - PUNTO DE ACCESO ADICIONAL DE MATERIA--TÉRMINO DE MATERIA |
| Término de materia o nombre geográfico como elemento de entrada |
Electricidad |
| Subdivisión de forma |
PROBLEMAS, EJERCICIOS, ETC. |
| 9 (RLIN) |
44822 |
| 650 #4 - PUNTO DE ACCESO ADICIONAL DE MATERIA--TÉRMINO DE MATERIA |
| Término de materia o nombre geográfico como elemento de entrada |
Magnetismo |
| Subdivisión de forma |
PROBLEMAS, EJERCICIOS, ETC. |
| 9 (RLIN) |
44823 |
| 700 1# - PUNTO DE ACCESO ADICIONAL--NOMBRE DE PERSONA |
| Nombre de persona |
García Arana, Graciela |
| 9 (RLIN) |
44824 |
| 700 1# - PUNTO DE ACCESO ADICIONAL--NOMBRE DE PERSONA |
| Nombre de persona |
Gutiérrez Aranzeta, Carlos |
| 9 (RLIN) |
44825 |
| 700 1# - PUNTO DE ACCESO ADICIONAL--NOMBRE DE PERSONA |
| Nombre de persona |
Vásquez Chavarría, José Luis, |
| Término indicativo de función/relación |
ed. |
| 9 (RLIN) |
44826 |
| 910 ## - DATOS DE OPCIÓN DEL USUARIO (OCLC) |
| Datos de opción del usuario |
WM |